Online
Catalog

En los confines del mundo : (Record no. 42174)

MARC details
000 -CABECERA
campo de control de longitud fija 00694nam a2200193 a 4500
001 - NÚMERO DE CONTROL
campo de control 000042685
005 - FECHA Y HORA DE LA ÚLTIMA TRANSACCIÓN
campo de control 20201002040327.0
008 - DATOS DE LONGITUD FIJA--INFORMACIÓN GENERAL
campo de control de longitud fija 140206s1999 sp a 000 0 spa d
020 ## - NÚMERO INTERNACIONAL ESTÁNDAR DEL LIBRO
Número Internacional Estándar del Libro 8440690258
040 ## - FUENTE DE LA CATALOGACIÓN
Centro catalogador/agencia de origen DO-SdBNP
Lengua de catalogación spa
Centro/agencia transcriptor BNPHU
100 1# - ENTRADA PRINCIPAL--NOMBRE DE PERSONA
Nombre de persona Millman, Lawrence
9 (RLIN) 69987
240 10 - TÍTULO UNIFORME
Título uniforme Last places. A journey in the north
245 10 - MENCIÓN DE TÍTULO
Título En los confines del mundo :
Resto del título por el Atlántico Norte, siguiendo la ruta de los vikingos /
Mención de responsabilidad, etc. Lawrence Millman; traducción, Ángela Pérez.
260 ## - PUBLICACIÓN, DISTRIBUCIÓN, ETC.
Lugar de publicación, distribución, etc. Barcelona, :
Nombre del editor, distribuidor, etc. Ediciones B,
Fecha de publicación, distribución, etc. 1999.
300 ## - DESCRIPCIÓN FÍSICA
Extensión 297 p. ;
Dimensiones 19 cm.
490 1# - MENCIÓN DE SERIE
Mención de serie Biblioteca Grandes Viajeros
700 1# - PUNTO DE ACCESO ADICIONAL--NOMBRE DE PERSONA
Nombre de persona Pérez, Ángela
Término indicativo de función/relación trad.
9 (RLIN) 11936
830 #0 - PUNTO DE ACCESO ADICIONAL DE SERIE-TÍTULO UNIFORME
Título uniforme Biblioteca Grandes Viajeros
9 (RLIN) 69748
Holdings
Estado de retiro Estado de pérdida Restricciones de uso No para préstamo Código de colección Localización permanente Ubicación/localización actual Ubicación en estantería Fecha de adquisición Número de inventario Total de préstamos Signatura topográfica completa Código de barras Fecha visto por última vez Precio válido a partir de Tipo de ítem Koha
      Excluido de préstamo Monografías: Libros y Folletos General General En catalogación 05.02.2014 LF1   42685-10 25.06.2020 25.06.2020 No se presta

Powered by Koha